000 00782nam a2200229 a 4500
003 PILC
005 20150112093437.0
008 100720s19uu xx 00 eng d
020 _a013232539X
050 _aHD 62.4
_b.V48 1996
082 _aMnSF 658.18
_bV59 1996
100 _aVernon, Raymond
_916505
245 _aThe manager in the international economy /
_cRaymond Vernon and Louis T. Wells, Jr.
250 _a7th ed. ed.
260 _aNew Jersey :
_bPrentice-Hall, Inc,
_c1996.
300 _a498 pages :
_c26 cm.
650 _aInternational business enterprises - Management
_914386
650 _aInternational business enterprises - Case studies
_916506
650 _aInternational economic relation
_916507
700 _aWells, Jr. Louis T.
_916508
942 _2lcc
_cBK
999 _c14598
_d14598